A Nagykároly-Bobáld tell földrajzi elhelyezkedése és természeti környezete = Die geografi sche Lage und natürliche Umwelt der Tellsiedlung Carei-Bobal (Nagykároly-Bobáld)
Elmentve itt :
| Szerzők: | |
|---|---|
| Dokumentumtípus: | Könyv része |
| Megjelent: |
2012
|
| Sorozat: | Monográfiák a Szegedi Tudományegyetem Régészeti Tanszékéről
Bronzkori hatalmi központok Északnyugat-Erdélyben : a Nagykároly-Bobáld-tell |
| Kulcsszavak: | Régészet - leletek - bronzkor - Erdély |
| Tárgyszavak: | |
| Online Access: | http://acta.bibl.u-szeged.hu/62710 |
| LEADER | 01067naa a2200241 i 4500 | ||
|---|---|---|---|
| 001 | acta62710 | ||
| 005 | 20220110114257.0 | ||
| 008 | 191114s2012 hu o 0|| hun d | ||
| 020 | |a 978 963 306 196 1 | ||
| 022 | |a 2062-9877 | ||
| 040 | |a SZTE Egyetemi Kiadványok Repozitórium |b hun | ||
| 041 | |a hun | ||
| 100 | 1 | |a Németi János | |
| 245 | 1 | 2 | |a A Nagykároly-Bobáld tell földrajzi elhelyezkedése és természeti környezete = Die geografi sche Lage und natürliche Umwelt der Tellsiedlung Carei-Bobal (Nagykároly-Bobáld) |h [elektronikus dokumentum] / |c Németi János |
| 260 | |c 2012 | ||
| 300 | |a 14-19 | ||
| 490 | 0 | |a Monográfiák a Szegedi Tudományegyetem Régészeti Tanszékéről | |
| 490 | 0 | |a Bronzkori hatalmi központok Északnyugat-Erdélyben : a Nagykároly-Bobáld-tell | |
| 650 | 4 | |a Bölcsészettudományok | |
| 650 | 4 | |a Történettudomány és régészet | |
| 695 | |a Régészet - leletek - bronzkor - Erdély | ||
| 700 | 0 | 1 | |a Molnár Zsolt |e aut |
| 856 | 4 | 0 | |u http://acta.bibl.u-szeged.hu/62710/1/regeszeti_monografiak_002_014-019.pdf |z Dokumentum-elérés |